000 00481cam a2200193 4500
008 090401t1979 xxu||||| |||| 00| 0 eng d
020 _a0333235525
035 _a(Sirsi) u64581
041 _aeng
050 _a338.4369
100 _aDolan, Dennis F.
245 4 _aThe British construction industry: an introduction.
260 _aLondon
_bMacMillan
_c1979
300 _a106p. ; 21cm.
350 _a2.5
650 _aBUILDING INDUSTRY
942 _n0
948 _c04/03/1997
999 _c94688
_d94688